Quizzes
Events
Quiz Creation
Community
Videos
Private Events
Remove Ads
Sign In
Join for FREE
Feedback
Dark Mode
Quiz Categories
Sports
Geography
Music
Movies
Television
Just For Fun
Miscellaneous
History
Literature
Language
Science
Gaming
Entertainment
Religion
Holiday
For Kids
Quiz Lab
Recent
Popular Today
Quiz Kudos Today
Editor Picks
Curator Picks
Quizzes by...
Day
Popularity
Type
Ratings
Length
Year
Community
Subscriptions
Recent Discussions
Orange Saloon
Badges
Playlists
Quests
Create
Leaderboards
Showdown
Live 5
Trivia Bingo
Activity
Puzzle Library
Sporcle Events
Private Events
Virtual Trivia
Globe League
Become a Host
Pub Owners
SporcleCon
Opinionation
Our Games
Videos
Blog
Mobile Apps
Partnerships
Remove Ads and Go Orange
Feedback
Movies
Disney
Marvel Cinematic Universe
Movie Resume
Movie Titles
Oscar
Actor
Actress
Director
Pixar
Role
Movie Quotes
Movie Characters
Box Office
Nominee
Best Picture
Star Wars
James Bond
Horror Movies
Movies
Disney
Marvel Cinematic Universe
Movie Resume
Movie Titles
Oscar
Actor
Actress
Director
Pixar
Role
Movie Quotes
Movie Characters
Box Office
Nominee
Best Picture
Star Wars
James Bond
Horror Movies
Random Quiz
Search Sporcle
×
Quiz Lab
Quiz Lab
Movies
Year
Type in answers that appear in a list
Type in answers that appear in a list
Classic
Best Score? Go Orange.
AFI 100 Years... 50 Heroes Stats
Can you name the AFI's 100 Years... 100 Heroes?
By
hatessisters
15m
50 Questions
2,209 Plays
2,209 Plays
2,209 Plays
Comments
Comments
Give Quiz Kudos
Give Quiz Kudos
-
- Ratings
hide this ad
Replay
Link that replays current quiz
Next Quiz
Link to next quiz in quiz playlist
You Got
0%
They Got
Avg Score
59%
Avg Friend Score
Upgrade to see
Score Distribution
Jump to the score distribution portion of the page
Score
0/50
Timer
15:00
0
Plays Today
Film
Character
% Correct
Raiders of the Lost Ark
Indiana Jones
97%
Superman
Superman
95.7%
Rocky
Rocky Balboa
95.4%
Dr. No
James Bond
93.7%
Star Wars
Han Solo
92.9%
Batman
Batman
92.8%
Gandhi
Mahatma Gandhi
92.6%
The Adventures of Robin Hood
Robin Hood
92.5%
Erin Brockovich
Erin Brockovich
89.3%
Tarzan the Ape Man
Tarzan
88.4%
Spartacus
Spartacus
87.6%
Schindler's List
Oskar Schindler
86.9%
The Mark of Zorro
Zorro
86.7%
To Kill a Mockingbird
Atticus Finch
85.8%
Terminator 2: Judgement Day
Terminator
82.8%
Patton
General George Patton
82.8%
The Ten Commandments
Moses
82.2%
Lassie Comes Home
Lassie
79.5%
Mr. Smith Goes to Washington
Jefferson Smith
78%
Lawrence of Arabia
T. E. Lawrence
76.8%
Shane
Shane
70.8%
The Silence of the Lambs
Clarice Starling
70%
Star Wars
Obi-Wan Kenobi
68.4%
Butch Cassidy and the Sundance Kid
Butch Cassidy and the Sundance Kid
67.9%
Gladiator
Maximus
67%
Film
Character
% Correct
Serpico
Frank Serpico
66.7%
Sergeant York
Alvin C. York
64.7%
Aliens
Ellen Ripley
64.4%
The Pride of the Yankees
Lou Gehrig
59.4%
Dirty Harry
Harry Callahan
57.9%
Thelma and Louise
Thelma Dickinson and Louise Sawyer
52%
Casablanca
Rick Blaine
47.5%
In the Heat of the Night
Virgil Tibbs
46.4%
It's a Wonderful Life
George Bailey
45.5%
All the President's Men
Bob Woodward and Carl Bernstein
35.4%
The Grapes of Wrath
Tom Joad
33.8%
Fargo
Marge Gunderson
32.3%
True Grit
Rooster Cogburn
32.1%
City Lights
The Tramp
30.3%
Silkwood
Karen Silkwood
29.9%
The French Connection
Jimmy 'Popeye' Doyle
29.5%
12 Angry Men
Juror #8
26.8%
On the Waterfront
Terry Malloy
17.3%
Norma Rae
Norma Rae Webster
15.7%
The Big Sleep
Philip Marlowe
14.4%
Philadelphia
Andrew Beckett
13.9%
High Noon
Will Kane
13.4%
Cool Hand Luke
Luke Jackson
9.5%
Goodbye, Mr. Chips
Arthur Chipping
8.1%
Boys Town
Father Edward
2.9%
Quiz Playlist
Details
Report
Send in Message
Add To Playlist
Classic:
Type in answers that appear in a list
Last Updated: Feb 16, 2017
Quiz Scoreboard
CHALLENGE
Sign Up to Join the Scoreboard
Show All
Scores
Hide
Comments
May contain spoilers
Recently Published
Billboard Blitz: Fleetwood Mac
by CooCooCachoo
Music
15s
Presidents Visiting Landmarks
by Hejman
History
7m
An Introduction to Baseball
by treessimontrees
Sports
5m
More to Explore
Quiz From the Vault
Featured Blog Post
Where Did the Easter Bunny Come From?
hide this ad
You Might Also Like...
Tags
Year Quiz
100
AFI
AFI 100
Character
Here
Today's Top Quizzes in Movies
Browse Movies
hide this ad
Today's Top Quizzes in Year
Browse Year
Top Contributed Quizzes in Movies
1
Pick 5 Posters: Directed by Spielberg
2
7-to-1: Pixar Characters
3
Pick 5 Posters: Lowest-Rated Spielberg
4
Sorting Actors
5
Pick 5 Posters: Directed by Scorsese
6
Sorting Actresses
7
Pick 5 Posters: Star & Director
8
Pick 5 Posters: Women Directed 2020s
9
12 Movies about Fictional 1960s Events
10
Multi-Oscar Nominations, One Movie, One Winner
Explore More
Trending Topics
NBA
Crossword
Marvel
Harry Potter
Kpop
Anime
Disney
NFL
Pokémon
WWE
Country
Song
Puzzle
The Office
Soccer
hide this ad
More By:
hatessisters
Quiz
Plays
Rating
Category
Featured
Created
Rihanna #1 Hits
47,070
4.31
Music
Dec 19, 2010
Harry Potter Character by clue
8,664
2.71
Literature
Feb 2, 2010
Survivor: Top 5 Confessionalists per Season
7,880
4.78
Television
Jun 29, 2016
Christina Aguilera Songs
3,232
3.67
Music
Jun 8, 2010
AFI 100 Years... 50 Villains
2,704
2.71
Movies
Sep 27, 2009
Go to Creator's Profile
Score Distribution
Quiz Creator Spotlight
hatessisters
Follow
Send a Message
Quizzes Created
-
Created Quiz Play Count
-
More By This Creator
Popular Quizzes Today
1
Find the US States - No Outlines Minefield
2
Find the Countries of Europe - No Outlines Minefield
3
The Countries of the World
4
Find the US States
5
US States
6
Popular People in 1961
7
Risky Map Clicking: Biggest States A-Z
8
Movies - When Are They Set?
More Movies Quizzes
Movies Titles by Common Beginning
Published
Trending Quizzes
Risky Map Clicking: Least Populous States A-Z
1-10 Letter G Words
1-10 Letter F Words
Risky Map Clicking: Next State Alphabetically
Risky Map Clicking: Biggest States A-Z
Recently Updated
Leaping Animals
pecheneg
Reality TV Shows (A-Z)
bhenderson79
Rickey Henderson's Hall of Fame Teammates
pecheneg
Champions League XIs: Arsenal
pecheneg
Quick Pick: Celebrities in WWE's Hall of Fame
aduchscher
A-Z Keypad Blitz II
pecheneg
Multiple Oscar Actors
pecheneg
Mystery Phrase Blitz: Oscar 'Best Actors'
pecheneg
F. Scott Fitzgerald Novels
LTH
Pick 3 Villains
ddd62291
Trending Topics
Harry Potter
Kpop
Crossword
Disney
Anime
Marvel
NBA
Pokémon
WWE
Soccer
Song
The Office
NFL
Country
Puzzle
Your Account Isn't Verified!
In order to create a playlist on Sporcle, you need to verify the email address you used during registration. Go to your
Sporcle Settings
to finish the process.
Report this User
Report this user for behavior that violates our
Community Guidelines
.
Details:
Send Report
Go to the Sporcle.com Mobile Site →
Comments